000 00514nam a2200205Ia 4500
005 20250506172805.0
008 008 250505s9999 xx 000 0 eng d
020 _a9788119129607
037 _aTB
040 _aILCL
_beng
_cILCL
041 _aeng
_2eng
082 _qILCL
100 _aIyer, V R Krishna
245 0 _aOff the Bench
260 _aDelhi
_bLaw and Justice Publishing Company
_c2001
300 _axiv,511p.
365 _aINR
942 _cTB
_2Colon Classification
999 _c1311968
_d1311968